Statistics for Countries with 5 or more cities over a million population

Click here to take the quiz!

General Stats

  • This quiz has been taken 8,987 times
    (1,323 since last reset)
  • The average score is 24 of 27

Answer Stats

# Cities >1M PopCountryCities% Correct
138ChinaGuangzhou, Shanghai, Beijing, Chengdu, Xiamen...
100%
53United StatesNew York, Los Angeles, Chicago, Washington, Boston...
100%
21BrazilSão Paulo, Rio de Janeiro, Belo Horizonte, Brasília, Porto Alegre...
99%
59IndiaDelhi, Mumbai, Kolkata, Bengaluru, Chennai...
99%
10United KingdomLondon, Birmingham, Manchester, Leeds, Liverpool...
99%
18MexicoMexico City, Monterrey, Guadalajara, Puebla, Toluca...
98%
16RussiaMoscow, St Petersburg, Yekaterinburg, Novosibirsk, Nizhny Novgorod...
98%
6FranceParis, Lyon, Marseille, Lille, Bordeaux...
97%
11GermanyThe Ruhr, Cologne / Dusseldorf, Berlin, Frankfurt, Hamburg...
97%
13JapanTokyo, Osaka, Nagoya, Fukuoka, Sapporo...
96%
17IndonesiaJakarta, Bandung, Surabaya, Medan, Semarang...
95%
5ArgentinaBuenos Aires, Córdoba, Rosario, Mendoza, San Miguel de Tucumán
94%
9PakistanKarachi, Lahore, Faisalabad, Rawalpindi, Gujranwala...
93%
5SpainMadrid, Barcelona, Valencia, Seville, Málaga
93%
6CanadaToronto, Montréal, Vancouver, Calgary, Edmonton...
92%
14NigeriaLagos, Kano, Ibadan, Abuja, Port Harcourt...
92%
5AustraliaMelbourne, Sydney, Brisbane, Perth, Adelaide
91%
8IranTehran, Mashhad, Isfahan, Tabriz, Shiraz...
91%
7ColombiaBogotá, Medellín, Cali, Barranquilla, Bucaramanga...
90%
11TurkiyeIstanbul, Ankara, Izmir, Bursa, Adana...
90%
8South KoreaSeoul, Busan, Daegu, Gwangju, Daejeon...
86%
6DR CongoKinshasa, Lubumbashi, Mbuji-Mayi, Kananga, Kisangani...
83%
7Saudi ArabiaRiyadh, Jeddah, Dammam, Mecca, Medina...
83%
5UkraineKyiv, Kharkiv, Donetsk, Dnipro, Odessa
75%
6IraqBaghdad, Basra, Mosul, Erbil, Kirkuk...
74%
5VenezuelaCaracas, Maracaibo, Valencia, Maracay, Barquisimeto
66%
6MoroccoCasablanca, Rabat, Fès, Agadir, Tangier...
61%

Score Distribution

Percentile by Number Answered

Percent of People with Each Score

Your Score History

You have not taken this quiz since the last reset